00759nam a2200205 a 450000500170000000800410001702000180005805000250007610000210010124500970012226000460021930000170026544000270028250000280030965000440033765000180038165000210039999900190042095201140043920140412111352.0050425s19uu xx 00 eng d a0-02-660845-6 aTR(GS 372.4bO1 2000 aO' Brien, Robert aSinbad the pig :bdecodable book /cby Anne and Robert O' Brien ; illustrated by Meg McLean. aColumbus, Ohio :bSRA/McGraw-Hill,c2000. a16 p. ; ill. aSRA Open Court Reading aLevel B, Set 1, Book 19 aReadingxPhoneticsxJuvenile literature aPigsxFiction aChildren stories c105342d105342 001040aELbELcTRd2005-04-25eDonationl0oTR(GS 372.4 O1 2000pE9909r2014-04-12 00:00:00w2014-04-12yBK